EnglishPremiership TransferRecords ByClub Quiz Stats

Quiz not verified by Sporcle

Challenge
Share
Tweet
Embed
Score 0/20 Timer 05:00
0 Plays Today
New Club Player % Correct
Chelsea (£50mil)Fernando Torres
97.4%
Liverpool (£35mil)Andy Carroll
92.2%
Aston Villa (£18mil)Darren Bent
91.7%
Manchester United (£30mil)Dimitar Berbatov
85.5%
Manchester City (£35mil)Sergio Aguero
82.9%
Arsenal (£15mil) Andrey Arshavin
67.9%
Everton (£15mil)Marouane Fellaini
64.8%
Tottenham Hotspur (£16.5mil)Luka Modric
64.8%
Newcastle United (£16mil)Michael Owen
60.1%
Sunderland (£13mil)Asamoah Gyan
56.5%
New Club Player % Correct
Bolton Wanderers (£8.2mil)Johan Elmander
48.7%
Stoke City (£8mil)Kenwyne Jones
48.7%
Fulham (£10.5mil)Andy Johnson
46.6%
Swansea City (£3.5mil)Danny Graham
31.1%
Wigan Athletic (£7mil)Charles N'Zogbia
28%
Wolverhampton Wanderers (£7mil)Roger Johnson
24.4%
West Bromwich Albion (£7mil)Shane Long
19.2%
Blackburn Rovers (£8mil)Andy Cole
18.7%
Queens Park Rangers (£3.5mil)Alejandro Faurlín
9.8%
Norwich City (£3.5mil)Robert Earnshaw
5.2%

You're not logged in!

Compare scores with friends on all Sporcle quizzes.
Join for Free
OR
Log In

You Might Also Like...

Show Comments

Extras

Top Quizzes Today


Score Distribution

Your Account Isn't Verified!

In order to create a playlist on Sporcle, you need to verify the email address you used during registration. Go to your Sporcle Settings to finish the process.

Report this User

Report this user for behavior that violates our Community Guidelines.

Details: